00569cam a2200169Ia 4500020001700000020002200017040000800039082002600047100002200073245007800095250001200173260005000185300006100235490004800296500002000344650003500364 a039548930X : a0395272211 (pbk.) cCLE a823 HOU 1965 A110 Or.1 aTolkien, J. R. R.14aThe return of the king :bbeing the third part of The lord of the rings / a2nd ed. aBoston :bHoughton Mifflin Co.,c1993, c1965. a440 p., [1] folded leaf of plates :bill., map ;c21 cm.1 aThe Lord of the rings / by J.R.R. Tolkien ; aIncludes index. 0aMiddle Earth (Imaginary place)